000 00613nam a2200241 a 4500
001 nice12345678
003 IN_TiNIC
005 20260116011821.0
008 050524s0000 laha grp 000 0 urd
020 _a
_c0.75
082 0 0 _a891.41
_bAHM1
100 _aAhmed, Malik Nazeer
245 _aRubaiyat-E-Baba Tahir
260 _aLahore
_bNazeer Sons
_c0000
300 _a48p
500 _aincludes index and biblioraphy
505 2 _aNotes and References, Bibliography, Index
650 _aUrdu-Poetry-baba Tahir
700 1 _aAhmed, Malik Nazeer
902 _bSRS
942 _cBK
999 _c4174
_d4174